La vida es sueño
Guardat en:
| Autor principal: | |
|---|---|
| Format: | Desconegut |
| Publicat: |
Madrid, España:
Mestas Ediciones,
2019.
|
| Edició: | Tercera edición. |
| Col·lecció: | Clásicos Universales.
|
| Matèries: | |
| Etiquetes: |
Afegir etiqueta
Sense etiquetes, Sigues el primer a etiquetar aquest registre!
|
MARC
| LEADER | 00000 a2200000 4500 | ||
|---|---|---|---|
| 003 | CL-VaPUC | ||
| 005 | 20241015094530.0 | ||
| 008 | 240926t2019 ||||| |||| 00| 0 eng d | ||
| 999 | |c 444435 |d 444433 | ||
| 020 | |a 9788416365579 | ||
| 040 | |c Pontificia Universidad Católica de Valparaíso | ||
| 082 | 7 | |a 862 CAL 2019 |2 22 | |
| 100 | |a Calderón de la Barca, Pedro |9 301692 |e autor | ||
| 245 | 1 | 3 | |a La vida es sueño |
| 250 | |a Tercera edición. | ||
| 260 | |a Madrid, España: |b Mestas Ediciones, |c 2019. | ||
| 300 | |a 126 páginas. | ||
| 490 | |a Clásicos Universales. | ||
| 583 | |k GC |c 20240926 | ||
| 650 | |a Drama español |x Literatura española |9 891723 | ||
| 942 | |2 ddc |c BK | ||
| 952 | |0 0 |1 0 |2 ddc |4 0 |6 862_000000000000000_CAL_2019 |7 0 |8 A |9 596995 |a BIBART |b BIBART |d 2024-09-26 |e 3 |g 6297.98 |i 5662855 |o 862 CAL 2019 |p 5662855 |r 2025-03-13 |t 1 |v 6297.98 |w 2024-09-26 |y BK |k ART | ||